Statystyki dla Stany USA od Najmniejszego do Największego

Kliknij tutaj aby rozwiązać quiz!

Ogólne statystyki

  • Ten quiz został rozwiązany 27 razy
    (17 od ostatniego zresetowania)
  • Średni wynik to 17 z 50

Statystyki odpowiedzi

WskazówkaOdpowiedź% Poprawnych
39 240 000 MieszkańcówKalifornia
86%
29 530 000 MieszkańcówTeksas
71%
732 673 MieszkańcówAlaska
64%
578 803 MieszkańcówWyoming
64%
21 780 000 MieszkańcówFloryda
57%
645 570 MieszkańcówVermont
57%
19 840 000 MieszkańcówNowy Jork
50%
12 670 000 MieszkańcówIllinois
43%
1 372 000 MieszkańcówMaine
43%
11 780 000 MieszkańcówOhio
43%
12 960 000 MieszkańcówPensylwania
43%
1 096 000 MieszkańcówRhode Island
43%
774 948 MieszkańcówDakota Północna
36%
895 376 MieszkańcówDakota Południowa
36%
1 003 000 MieszkańcówDelaware
36%
1 442 000 MieszkańcówHawaje
36%
6 806 000 MieszkańcówIndiana
36%
5 812 000 MieszkańcówKolorado
36%
1 389 000 MieszkańcówNew Hampshire
36%
2 116 000 MieszkańcówNowy Meksyk
36%
3 380 000 MieszkańcówUtah
36%
7 739 000 MieszkańcówWaszyngton
36%
5 040 000 MieszkańcówAlabama
29%
7 276 000 MieszkańcówArizona
29%
3 606 000 MieszkańcówConnecticut
29%
3 193 000 MieszkańcówIowa
29%
2 935 000 MieszkańcówKansas
29%
5 191 000 MieszkańcówKarolina Południowa
29%
4 509 000 MieszkańcówKentucky
29%
4 624 000 MieszkańcówLuizjana
29%
5 707 000 MieszkańcówMinnesota
29%
2 950 000 MieszkańcówMissisipi
29%
6 168 000 MieszkańcówMissouri
29%
1 104 000 MieszkańcówMontana
29%
1 964 000 MieszkańcówNebraska
29%
3 144 000 MieszkańcówNevada
29%
4 246 000 MieszkańcówOregon
29%
3 026 000 MieszkańcówArkansas
21%
10 800 000 MieszkańcówGeorgia
21%
1 901 000 MieszkańcówIdaho
21%
10 550 000 MieszkańcówKarolina Północna
21%
6 165 000 MieszkańcówMaryland
21%
6 985 000 MieszkańcówMassachusetts
21%
9 267 000 MieszkańcówNew Jersey
21%
3 987 000 MieszkańcówOklahoma
21%
6 975 000 MieszkańcówTennessee
21%
8 642 000 MieszkańcówWirginia
21%
1 783 000 MieszkańcówWirginia Zachodnia
21%
5 896 000 MieszkańcówWisconsin
21%
10 050 000 MieszkańcówMichigan
14%

Rozkład punktacji

Percentyl według liczby udzielonych odpowiedzi

Procent ludzi z każdym wynikiem

Twoja historia wyników

Nie rozwiązałeś tego quizu od ostatniego zresetowania